Danh nhân y học Việt Nam

محفوظ في:
التفاصيل البيبلوغرافية
المؤلف الرئيسي: Lê Minh Quốc
التنسيق: كتاب
اللغة:Undetermined
منشور في: Tp.HCM Trẻ 1999
الموضوعات:
الوسوم: إضافة وسم
لا توجد وسوم, كن أول من يضع وسما على هذه التسجيلة!
Thư viện lưu trữ: Trung tâm Học liệu Trường Đại học Cần Thơ
LEADER 00453nam a2200169Ia 4500
001 CTU_35802
008 210402s9999 xx 000 0 und d
082 |a 610.92 
082 |b Qu451 
100 |a Lê Minh Quốc 
245 0 |a Danh nhân y học Việt Nam 
245 0 |c Lê Minh Quốc 
260 |a Tp.HCM 
260 |b Trẻ 
260 |c 1999 
650 |a physicians - biography 
980 |a Trung tâm Học liệu Trường Đại học Cần Thơ